Perú-Estados Unidos: derechos humanos, ayuda militar y narcotráfico /
Պահպանված է:
| Հիմնական հեղինակ: | |
|---|---|
| Ձևաչափ: | Գիրք |
| Լեզու: | Spanish |
| Ցուցիչներ: |
Ավելացրեք ցուցիչ
Չկան պիտակներ, Եղեք առաջինը, ով նշում է այս գրառումը!
|
MARC
| LEADER | 00000nam a22000007a 4500 | ||
|---|---|---|---|
| 003 | cru CIDCACS/IIS | ||
| 005 | 20170525131534.0 | ||
| 007 | ta | ||
| 008 | 170525s1987 pe ||||| |||| 00| 0 spa d | ||
| 040 | |c cru CIDCACS/IIS | ||
| 100 | 1 | |9 4881 |a García-Sayán, Diego | |
| 245 | 1 | |a Perú-Estados Unidos: |b derechos humanos, ayuda militar y narcotráfico / |c Diego García-Sayán | |
| 300 | |a páginas 43-62 | ||
| 773 | 0 | |0 19374 |9 923 |a Comisión Andina de Juristas |d Lima, Perú Comisión Andina de Juristas |o 17656 |t Boletín / | |
| 942 | |2 ddc |c PP | ||
| 999 | |c 19394 |d 19394 | ||
